000 00442nam a2200157 i 4500
001 71650
003 ES-MaACL
007 t|
008 040813s1901 fr ||||1| fre d
100 1 _aGerard, Eric.
_956404
245 1 0 _aMesures électriques /
_cpar Eric Gerard.
250 _a2éme ed. refondue et complétée.
260 _aParís :
_bGauthier-Villars,
_c1901.
300 _aVIII, 532 p. :
_bil. ;
_c25 cm.
852 _aES-MaACL
_jB-1988
999 _c71650
_d71650